Statistiques concernant Tous les couples de la saga de Pretty Little Liars

Cliquez ici pour prendre le quiz!

Statistiques générales

  • Ce quiz a été pris 260 fois
  • Le résultat moyen est 39 sur 78

Statistiques - réponses

HintRéponse% Correct
Jenna | SpencerToby Cavanaugh
97%
Alison | AriaEzra Fitz
94%
Hanna | SpencerCaleb Rivers
90%
AlisonEmily Fields
88%
Emily | Ezra | TobyAlison Dilaurentis
85%
EzraAria Montgomery
83%
CalebHanna Marin
80%
TobySpencer Hastings
76%
Alison | Melissa | SpencerIan Thomas
74%
Aria | Jenna | MonaNoël Kahn
73%
HannaWren Kingston
70%
EmilyPaige McCullers
70%
Melissa | SpencerWren Kingstom
69%
Aria | Ashley | Cece | MelissaJason Dilaurentis
69%
Hanna | MonaMike Montgomery
69%
EmilyMaya Saint-Germain
66%
TobyJenna Marshall
63%
EllaByron Montgomery
61%
Jessica | VeronicaPeter Hastings
59%
AshleyTom Marin
58%
HannaSean Ackard
54%
SpencerAlex Santiago
44%
EmilySara Harvey
43%
EmilyBen Coogan
42%
Alison | AshleyDarren Wilden
41%
Ashley | EllaTed Wilson
38%
AriaAndrew Campbell
37%
EmilySamara Cook
37%
EzraMaggie Cutler
37%
EzraJackie Molina
37%
PamWayne Fields
36%
Jenna | MelissaGarett Reynolds
35%
AlisonElliott Rollins
35%
AriaJake
33%
AriaLiam Greene
32%
HannaTravis Hobbs
31%
TobyYvonne Philipps
31%
HannaJordan Hobart
30%
CeceArcher Dunhill
29%
SpencerMarco Furey
28%
AlisonLorenzo Calderon
28%
JessicaKeneth Dilaurentis
28%
AlisonGabriel Evaristo
27%
Alison | HannaGabriel Holbrook
27%
EzraNicole Gordon
27%
EllaZack
26%
AriaWesley Fitzgerald
23%
EmilyTalia Sandoval
22%
EmilySabrina
22%
CeceEric Kahn
20%
SpencerJonny Raymond
20%
Emily | JennaLyndon James
19%
AlisonCyrus Petrillo
15%
AriaRiley
15%
AriaConnor
15%
SpencerColin
14%
MonaMason Gregory
12%
JennaNigel Wright
12%

Distribution des résultats

Percentile par nombre de réponses

% des personnes avec chaque résultat

Votre développement - résultats

Vous n’avez pas pris ce quiz